[Event "Titled Tuesday intern op 03rd Jan Late"]
[Site "Chess.com INT"]
[Date "2025.06.03"]
[Round "7"]
[White "Caprio, Guido"]
[Black "Sharankov, Grigory"]
[Result "1-0"]
[WhiteElo "2435"]
[BlackElo "2238"]
[PlyCount "67"]
[EventDate "2025.06.03"]
[EventType "swiss (blitz)"]
[EventRounds "11"]
[EventCountry "USA"]
[SourceTitle "CB24_2025"]
[SourceDate "2025.06.11"]
[SourceVersion "1"]
[SourceVersionDate "2025.06.11"]
[SourceQuality "1"]

1. c3 e6 2. e4 d5 3. e5 c5 4. d4 Nc6 5. Nf3 Qb6 6. a3 c4 7. Nbd2 f6 8. g3 fxe5 9. dxe5 Bc5 10. Qe2 Nh6 11. Bh3 0-0 12. 0-0 Bd7 13. Rb1 Nf5 14. b3 cxb3 15. Nxb3 Be8 16. Bf4 Bh5 17. g4 Nfe7 18. Nxc5 Qxc5 19. Be3 Qc4 20. Qxc4 dxc4 21. gxh5 Rxf3 22. Bxe6+ Kh8 23. Rxb7 Nf5 24. Bd5 Nxe5 25. Bxf3 Nxf3+ 26. Kg2 N3h4+ 27. Kh3 Rf8 28. Bc5 Re8 29. Re1 Rd8 30. Rd7 Rb8 31. Bxa7 Rc8 32. Re4 h6 33. Rxh4 Nxh4 34. Kxh4 1-0

[Event "Titled Tuesday intern op 03rd Jan Late"]
[Site "Chess.com INT"]
[Date "2025.06.03"]
[Round "3"]
[White "Golizadeh, Asghar"]
[Black "Sharankov, Grigory"]
[Result "1-0"]
[WhiteElo "2457"]
[BlackElo "2238"]
[PlyCount "73"]
[EventDate "2025.06.03"]
[EventType "swiss (blitz)"]
[EventRounds "11"]
[EventCountry "USA"]
[SourceTitle "CB24_2025"]
[SourceDate "2025.06.11"]
[SourceVersion "1"]
[SourceVersionDate "2025.06.11"]
[SourceQuality "1"]

1. e4 e6 2. d4 d5 3. e5 c5 4. c3 Nc6 5. Nf3 Qb6 6. Bd3 cxd4 7. 0-0 Bd7 8. a3 Rc8 9. cxd4 Nxd4 10. Nxd4 Qxd4 11. Nc3 a6 12. Be3 Qh4 13. g3 Qd8 14. Na4 Bxa4 15. Qxa4+ Qd7 16. Qa5 Ne7 17. Rac1 Nc6 18. Qb6 Be7 19. f4 0-0 20. Rc2 Bd8 21. Qc5 d4 22. Bf2 Be7 23. Qb6 Bd8 24. Qb3 Na5 25. Qb4 Rxc2 26. Bxc2 Nc6 27. Qc4 Bb6 28. Qd3 g6 29. Ba4 Rd8 30. Rc1 Qd5 31. Bd1 Ne7 32. Bf3 Qd7 33. Rc4 Nf5 34. g4 Ne3 35. Rb4 Bc5 36. Rxb7 Qa4 37. Bxe3 1-0

[Event "Titled Tuesday intern op 01st Apr Late"]
[Site "Chess.com INT"]
[Date "2025.04.01"]
[Round "9"]
[White "Ahmad, Al Khatib"]
[Black "Sharankov, Grigory"]
[Result "1-0"]
[WhiteElo "2279"]
[BlackElo "2238"]
[PlyCount "121"]
[EventDate "2025.04.01"]
[EventType "swiss (blitz)"]
[EventRounds "11"]
[EventCountry "USA"]
[SourceTitle "CB21_2025"]
[SourceDate "2025.05.21"]
[SourceVersion "1"]
[SourceVersionDate "2025.05.21"]
[SourceQuality "1"]

1. d4 d5 2. Nc3 Nf6 3. Bf4 e6 4. Nb5 Na6 5. e3 c6 6. Nc3 Bb4 7. Bd3 Qa5 8. Nge2 c5 9. a3 Bxc3+ 10. Nxc3 c4 11. Be2 Ne4 12. f3 Nxc3 13. Qd2 Bd7 14. Qxc3 Qxc3+ 15. bxc3 Bc6 16. Kd2 Kd7 17. a4 Nc7 18. h4 h5 19. a5 Ne8 20. Rag1 Nd6 21. g3 g6 22. Be5 Rh7 23. Bf1 Ne8 24. Bg2 f6 25. Bf4 Nd6 26. Re1 Rg8 27. e4 Nb5 28. e5 f5 29. Bg5 Ra8 30. Ra1 Rhh8 31. Rhb1 Rhb8 32. Ra2 Nc7 33. Rba1 a6 34. Bf1 Nb5 35. Be2 Rf8 36. Bf4 Rfb8 37. Bg5 Rf8 38. Rb1 Rfb8 39. Rab2 b6 40. axb6 Rxb6 41. Ra1 Kc7 42. Rba2 Kb7 43. Be7 Nc7 44. Bc5 Rb5 45. Ra3 a5 46. R3a2 Na6 47. Bd6 Nc7 48. Bc5 Na6 49. Rxa5 Rxa5 50. Rxa5 Nxc5 51. Rxa8 Kxa8 52. dxc5 Kb7 53. Ke3 Ka6 54. Kf4 Kb5 55. Kg5 Kxc5 56. Kxg6 d4 57. Kxh5 Bxf3+ 58. Bxf3 d3 59. cxd3 cxd3 60. Kg5 d2 61. h5 1-0

[Event "Titled Tuesday intern op 01st Apr Late"]
[Site "Chess.com INT"]
[Date "2025.04.01"]
[Round "11"]
[White "Sharankov, Grigory"]
[Black "Terron Elena, Francisco Miguel"]
[Result "1-0"]
[WhiteElo "2238"]
[BlackElo "2122"]
[PlyCount "45"]
[EventDate "2025.04.01"]
[EventType "swiss (blitz)"]
[EventRounds "11"]
[EventCountry "USA"]
[SourceTitle "CB21_2025"]
[SourceDate "2025.05.21"]
[SourceVersion "1"]
[SourceVersionDate "2025.05.21"]
[SourceQuality "1"]

1. e4 e5 2. Nf3 Nc6 3. Bb5 a6 4. Ba4 Nge7 5. 0-0 g6 6. c3 Bg7 7. d3 0-0 8. Re1 h6 9. Nbd2 b5 10. Bc2 d5 11. a4 b4 12. exd5 bxc3 13. bxc3 Nxd5 14. Bb2 Rb8 15. Qc1 Re8 16. a5 Nf4 17. d4 exd4 18. Ne4 dxc3 19. Ba3 Nd3 20. Bxd3 Qxd3 21. Nf6+ Bxf6 22. Rxe8+ Kg7 23. Bf8+ 1-0

[Event "Titled Tuesday intern op 11th Mar Late"]
[Site "Chess.com INT"]
[Date "2025.03.11"]
[Round "10"]
[White "Bhatia, Kanishka"]
[Black "Sharankov, Grigory"]
[Result "0-1"]
[WhiteElo "2012"]
[BlackElo "2238"]
[PlyCount "84"]
[EventDate "2025.03.11"]
[EventType "swiss (blitz)"]
[EventRounds "11"]
[EventCountry "USA"]
[SourceTitle "CB12_2025"]
[SourceDate "2025.03.19"]
[SourceVersion "1"]
[SourceVersionDate "2025.03.19"]
[SourceQuality "1"]

1. e3 d5 2. d4 Nf6 3. c3 Bg4 4. Be2 h5 5. h3 Bf5 6. Bd3 e6 7. Bxf5 exf5 8. Nf3 g6 9. Qb3 Qc8 10. Nbd2 Bg7 11. c4 dxc4 12. Nxc4 0-0 13. 0-0 Nc6 14. Bd2 Ne4 15. Rac1 Rb8 16. Bb4 Re8 17. Nfd2 Nxb4 18. Qxb4 c5 19. dxc5 Qxc5 20. Qxc5 Nxc5 21. Nd6 Red8 22. Rxc5 Rxd6 23. Nc4 Rd3 24. Rc1 b5 25. Ne5 Rd2 26. Nc6 Rb7 27. R1c2 Rd1+ 28. Kh2 Bf8 29. R5c3 h4 30. Rc1 Rd2 31. R3c2 Rd5 32. a3 Kg7 33. Na5 Rbd7 34. Rc7 Bd6+ 35. f4 Bxc7 36. Nb3 Bb6 37. Rc6 Rd3 38. Nc5 Bxc5 39. Rxc5 Rxe3 40. Rxb5 Rd1 41. Ra5 Ree1 42. g4 Re2# 0-1

[Event "Titled Tuesday intern op 21st Jan Late"]
[Site "Chess.com INT"]
[Date "2025.01.21"]
[Round "11"]
[White "Harish, Neeraj"]
[Black "Sharankov, Grigory"]
[Result "0-1"]
[WhiteElo "2115"]
[BlackElo "2238"]
[PlyCount "92"]
[EventDate "2025.01.21"]
[EventType "swiss (blitz)"]
[EventRounds "11"]
[EventCountry "USA"]
[SourceTitle "CB05_2025"]
[SourceDate "2025.01.29"]
[SourceVersion "1"]
[SourceVersionDate "2025.01.29"]
[SourceQuality "1"]

1. c4 e5 2. g3 Nc6 3. Bg2 Bc5 4. Nc3 a6 5. e3 Ba7 6. Nge2 Nge7 7. 0-0 h5 8. d4 d6 9. Rb1 h4 10. b4 hxg3 11. fxg3 Bg4 12. Qd3 Qd7 13. b5 axb5 14. cxb5 Nd8 15. a4 Bf5 16. e4 Bh3 17. Rf2 Bxg2 18. Kxg2 Qh3+ 19. Kg1 Ne6 20. a5 Nxd4 21. b6 Bb8 22. Nxd4 exd4 23. Qxd4 0-0 24. Nd5 Nc6 25. Qc3 cxb6 26. Bb2 f6 27. axb6 Ra2 28. Rbf1 Rxb2 29. Qxb2 Ne5 30. Qb3 Kh7 31. Nc7 Rc8 32. Qe6 Qxe6 33. Nxe6 d5 34. exd5 Bd6 35. Nf4 Rc4 36. Ra2 Bc5+ 37. Kg2 Bxb6 38. Rb1 Nd7 39. Rab2 Bd4 40. Rxb7 Rc2+ 41. Kh3 Ne5 42. Ne6 f5 43. Rxg7+ Kh6 44. Rg8 Nf3 45. Rh8+ Bxh8 46. Rb6 Rxh2# 0-1

[Event "Titled Tuesday intern op 21st Jan Late"]
[Site "Chess.com INT"]
[Date "2025.01.21"]
[Round "5"]
[White "Javakhadze, Zurab"]
[Black "Sharankov, Grigory"]
[Result "1-0"]
[WhiteElo "2412"]
[BlackElo "2238"]
[PlyCount "83"]
[EventDate "2025.01.21"]
[EventType "swiss (blitz)"]
[EventRounds "11"]
[EventCountry "USA"]
[SourceTitle "CB05_2025"]
[SourceDate "2025.01.29"]
[SourceVersion "1"]
[SourceVersionDate "2025.01.29"]
[SourceQuality "1"]

1. e4 e6 2. d3 d5 3. Nd2 Nf6 4. Ngf3 h6 5. g3 a5 6. Bg2 Be7 7. 0-0 a4 8. a3 0-0 9. Qe2 c5 10. Re1 Nc6 11. e5 Nh7 12. h4 b5 13. Nf1 b4 14. N1h2 bxa3 15. bxa3 Nd4 16. Nxd4 cxd4 17. Qg4 Kh8 18. Nf3 Qc7 19. Nxd4 f5 20. Qe2 Qc3 21. Be3 Bd7 22. Qd2 Rfc8 23. Reb1 Qxd2 24. Bxd2 Rab8 25. Rxb8 Rxb8 26. c4 dxc4 27. dxc4 Bc5 28. Nc6 Rb3 29. Bb4 Bxb4 30. Nxb4 f4 31. gxf4 Nf8 32. c5 Ng6 33. c6 Bxc6 34. Bxc6 Nxf4 35. Bxa4 Rb2 36. Bc6 Nh3+ 37. Kg2 Nxf2 38. Kf3 Nh3 39. Nd3 Rb3 40. Ke4 g5 41. a4 g4 42. a5 1-0

[Event "Titled Tuesday intern op 21st Jan Late"]
[Site "Chess.com INT"]
[Date "2025.01.21"]
[Round "2"]
[White "Sharankov, Grigory"]
[Black "Kjaergaard Jensen, Jesper"]
[Result "1-0"]
[WhiteElo "2238"]
[BlackElo "2081"]
[PlyCount "111"]
[EventDate "2025.01.21"]
[EventType "swiss (blitz)"]
[EventRounds "11"]
[EventCountry "USA"]
[SourceTitle "CB05_2025"]
[SourceDate "2025.01.29"]
[SourceVersion "1"]
[SourceVersionDate "2025.01.29"]
[SourceQuality "1"]

1. d4 Nf6 2. Nf3 d6 3. Nbd2 Nbd7 4. e4 c5 5. c3 g6 6. Bc4 e6 7. 0-0 Nb6 8. Bb3 Bg7 9. a4 0-0 10. a5 Nbd7 11. Qe2 cxd4 12. cxd4 e5 13. dxe5 dxe5 14. Rd1 Qe7 15. Nc4 Nh5 16. Bg5 Qb4 17. Ba2 h6 18. Bd2 Qe7 19. Ne3 Nf4 20. Qf1 Nf6 21. Nd5 N4xd5 22. exd5 e4 23. Ne1 Qd6 24. Bc3 Ng4 25. g3 Bxc3 26. bxc3 Qf6 27. Rd4 e3 28. fxe3 Qxf1+ 29. Kxf1 Nxe3+ 30. Kg1 Nf5 31. Rd2 Nd6 32. c4 b6 33. Nf3 bxa5 34. c5 Ne4 35. Rc2 Bf5 36. Nd4 Bh3 37. Re1 Ng5 38. c6 Rfe8 39. Rcc1 Re4 40. Rxe4 Nxe4 41. c7 Nd6 42. Nc6 Re8 43. Kf2 Bg4 44. Bc4 Re4 45. Bd3 Ra4 46. Nxa7 Ra2+ 47. Ke3 Ra3 48. c8Q+ Nxc8 49. Nxc8 Kg7 50. Nb6 Bf5 51. Rd1 Rb3 52. Nc4 a4 53. Kd4 Bxd3 54. Rxd3 Rb4 55. Kc5 Rb3 56. Rxb3 1-0